000 00534nam a2200181 a 4500
001 000042845
005 20201002040436.0
008 140211s1988 sp 000 0 spa d
020 _a8420645176
040 _aDO-SdBNP
_bspa
_cBNPHU
082 _axxxxxxx
_bxxxxxxx
100 1 _aVerdaguer, Jacinto,
_d1845-1902
_970228
245 1 0 _aCanigó. /
_cJacinto Verdaguer.
260 _aMadrid, :
_bAlianza,
_c1988.
300 _a183 p. ;
_c21 cm.
490 1 _aBiblioteca de cultura catalana
830 0 _aBiblioteca de cultura catalana
_960702
999 _c42334
_d42334